Problemi di matematica elementare ad uso delle scuole secondaire superiori

Gespeichert in:
Bibliographische Detailangaben
1. Verfasser: Bassi, Alfredo
Format: keine Angabe
Sprache:Italienisch
Erschienen: Livorno Raffaello Giusti, editore-libraio-tipografo 1926
Katalog:MANES:  Suchergebnis im Bibliothekskatalog
Schulbuchspezifische Eigenschaften:
Schriftenreihe:Biblioteca degli studenti
Tags: Tag hinzufügen
Keine Tags, Fügen Sie den ersten Tag hinzu!
Hinzugefügt zu:26.04.2016

MARC

LEADER 000000000a22000000004500
001 34586
003 OSt
008 160427s it ||||| |||| 00| 0 ita d
040 |a manes  |c manes 
041 |a Italiano 
100 1 |a Bassi, Alfredo  |9 20163 
245 0 0 |a Problemi di matematica elementare ad uso delle scuole secondaire superiori 
260 3 |a Livorno  |b Raffaello Giusti, editore-libraio-tipografo  |c 1926 
300 |a T. I.: 166 p.- T. II.: 116 p.  |c 16 cm 
330 |a 2 v. 
440 |a Biblioteca degli studenti  |9 20164 
500 |a Signatura: T22/26-26 bis. Rúst. Contiene: T. I. Triangoli e quadrangoli piani: con 44 figure. T. II. Triangoli sferici: con 36 figure 
690 0 |a MATE 
691 0 |a SE 
942 |2 ddc  |c BK 
546 |a España 
999 |c 41584  |d 41584 
999 |c manes:41584  |d 41584